LEADER 01385nam2-2200445---450- 001 990006165240203316 005 20161103092645.0 010 $a88-7119-097-1 010 $a9978-84-005-2$b(vol. 3) 035 $a000616524 035 $aUSA01000616524 035 $a(ALEPH)000616524USA01 035 $a000616524 100 $a20011205d1988----km-y0itay0103----ba 101 $aspa 102 $aIT 105 $a||||||||001yy 200 1 $a<<3.:>> Época colonial I$econquista y primera etapa colonial$fEnrique Ayala Mora, editor$gcoordinador del volumen Carlos Landázuri Camacho 205 $a1. ed. 210 $aQuito$cCorporación Editora Nacional$d1988 215 $a220 p., [14] c. di tav.$cill.$d20 cm 410 $12001 461 1$1001000616522$12001 606 0 $aEcuador$xStoria 676 $a984 702 $aAYALA MORA,$bEnrique 702 $aLANDÁZURI CAMACHO,$bCarlos 801 0$aIT$bsalbc$gISBD 912 $a990006165240203316 951 $aVI.7.C. 3 1$bISLA 959 $aBK 969 $aUMA 979 $aMARANO$b90$c20160809$lUSA01$h1122 979 $aMARANO$b90$c20160809$lUSA01$h1125 979 $aMARANO$b90$c20160809$lUSA01$h1127 979 $aMARANO$b90$c20160809$lUSA01$h1128 979 $aMARANO$b90$c20160809$lUSA01$h1155 979 $aMARANO$b90$c20161103$lUSA01$h0926 996 $aÉpoca colonial I$91393345 997 $aUNISA LEADER 01695nam0 22004213i 450 001 VAN0275285 005 20240607041806.866 017 70$2N$a9783030650810 100 $a20240422d2021 |0itac50 ba 101 $aeng 102 $aCH 105 $a|||| ||||| 200 1 $aSet Function T$eAn Account on F. B. Jones' Contributions to Topology$fSergio Macías 210 $aCham$cSpringer$d2021 215 $axiv, 225 p.$cill.$d24 cm 410 1$1001VAN0102857$12001 $aDevelopments in Mathematics$1210 $aBerlin [etc.]$cSpringer$v67 606 $a54-XX$xGeneral topology [MSC 2020]$3VANC020587$2MF 606 $a54F15$xContinua and generalizations [MSC 2020]$3VANC022379$2MF 610 $aAposyndesis$9KW:K 610 $aContinua$9KW:K 610 $aContinuum decomposition$9KW:K 610 $aContinuum theory$9KW:K 610 $aHausdorff continua$9KW:K 610 $aHyperspaces$9KW:K 610 $aMetric continua$9KW:K 610 $aPoint-set topology$9KW:K 610 $aSet Function T$9KW:K 620 $aCH$dCham$3VANL001889 700 1$aMacías$bSergio$3VANV096517$066967 712 $aSpringer $3VANV108073$4650 801 $aIT$bSOL$c20240614$gRICA 856 4 $uhttps://doi.org/10.1007/978-3-030-65081-0$zE-book ? Accesso al full-text attraverso riconoscimento IP di Ateneo, proxy e/o Shibboleth 899 $aBIBLIOTECA DEL DIPARTIMENTO DI MATEMATICA E FISICA$1IT-CE0120$2VAN08 912 $fN 912 $aVAN0275285 950 $aBIBLIOTECA DEL DIPARTIMENTO DI MATEMATICA E FISICA$d08CONS e-book 8403 $e08eMF8403 20240503 996 $aSet Function T$94153494 997 $aUNICAMPANIA